Statystyki dla Rozpoznaj blok z Minecraft po zdjęciu #1

Kliknij tutaj aby rozwiązać quiz!

Ogólne statystyki

  • Ten quiz został rozwiązany 317 razy
  • Średni wynik to 17 z 20

Statystyki odpowiedzi

Odpowiedź% Poprawnych
Ziemia
100%
Piasek
97%
Blok śniegu
95%
Blok trawy
95%
Obsydian
95%
Bruk
90%
Szkło
89%
Blok diamentu
86%
Kamień
85%
Blok magmy
84%
Dynia
84%
TNT
84%
Arbuz
83%
Dębowe deski
82%
Ruda żelaza
80%
Piaskowiec
77%
Snop siana
76%
Cegły
74%
Kamień kresu
71%
Dębowy pień
63%

Rozkład punktacji

Percentyl według liczby udzielonych odpowiedzi

Procent ludzi z każdym wynikiem

Twoja historia wyników

Nie rozwiązałeś tego quizu